000 00448nam a22001457a 4500
999 _c10468
_d10468
003 OSt
008 210217b ||||| |||| 00| 0 eng d
020 _a9781543342765
100 _aGANGADI,Jayapal Reddy
245 _aPhysical Pharmaceutics-1 (Experimental Lab Manual)
260 _aJalandhar City
_bS.Vikas
_c2021
300 _a59
650 _aPharmaceutics- Drug Delivery Systems,Pharmaceutical Engineering regularity Science
942 _2ddc
_cBK